[Event "Hilversum op-B"]
[Site "Hilversum"]
[Date "2010.06.29"]
[Round "4"]
[White "Weverling, Ferry"]
[Black "De Heer, Henk JJ"]
[Result "1/2-1/2"]
[WhiteElo "1817"]
[BlackElo "1851"]
[PlyCount "73"]
[EventDate "2010.06.26"]
[EventType "swiss"]
[EventRounds "9"]
[EventCountry "NED"]
[SourceTitle "CBM 137 Extra"]
[Source "ChessBase"]
[SourceDate "2010.09.01"]
[SourceVersion "1"]
[SourceVersionDate "2010.09.01"]
[SourceQuality "1"]

1. d4 Nf6 2. c4 g6 3. Nc3 Bg7 4. e4 d6 5. Nf3 0-0 6. Be2 e5 7. 0-0 Nc6 8. d5 Ne7 9. Ne1 Ne8 10. Be3 f5 11. f3 f4 12. Bf2 g5 13. a4 a5 14. Nd3 b6 15. b4 Nf6 16. c5 axb4 17. cxd6 bxc3 18. dxe7 Qxe7 19. Qb3 Qd6 20. Qxc3 Nxd5 21. Qb3 Be6 22. exd5 Bxd5 23. Qa3 e4 24. Qxd6 cxd6 25. fxe4 Bxa1 26. Rxa1 Bxe4 27. Bxb6 f3 28. gxf3 Bxf3 29. Bxf3 Rxf3 30. Ra3 g4 31. a5 d5 32. a6 Rf6 33. Rb3 Rxa6 34. Bd4 Rf8 35. Rb7 Rf7 36. Rb8+ Rf8 37. Rb7 1/2-1/2